| 000 | 00666nam a2200229Ia 4500 | ||
|---|---|---|---|
| 003 | OSt | ||
| 005 | 20221005120853.0 | ||
| 006 | a|||||r|||| 00| 0 | ||
| 007 | ta | ||
| 008 | 221004b |||||||| |||| 00| 0 eng d | ||
| 024 | _a44591 | ||
| 037 | _cTextual | ||
| 040 |
_aCRL _cCRL _beng |
||
| 041 |
_2eng _aeng |
||
| 082 | _aO9z7, J8 | ||
| 100 | _aPraz Mario | ||
| 245 | 0 |
_aFlaming heart _b Essays on Crashaw Machiavelli and other studies in the relations between Italian and English literature from Chaucer to T S Eliot |
|
| 260 | _c1958 | ||
| 650 | _aENGLISH LITERATURE | ||
| 942 |
_hO9z7, J8 _cTEXL _2cc |
||
| 999 |
_c1039365 _d1039365 |
||